000 01192cam a22002175a 4500
001 L151313
008 101019s2010 xxk 000 0 eng d
035 _a(Sirsi) u151313
041 0 _aeng
100 1 _aTostevin, Paul
245 0 0 _aLand market presents new series of challenges
260 _c2010
490 _aSustainablebuilding inc Propertyforecast
_v(45) September 2010, 16(1)
520 _aThe UK residential development land market has seen renewed activity over the last 12 months with some recovery at the premium end of the market but more mixed performance elsewhere. Indicates the outlook for an increasingly polarised land market which like the housing market is beginning to show signs of a second slip. However the value of serviced plots and to a lesser extent serviceable land is expected to grow over the next few years. The outlook for bulk land at the national level is poor.
590 _aKA
651 4 _aUnited Kingdom
_y
690 _aPROPERTY-RESIDENTIAL PROPERTY-RESIDENTIAL LAND
690 _aPROPERTY-RESIDENTIAL PROPERTY-RESIDENTIAL PROPERTY MARKET
690 _aPROPERTY-RESIDENTIAL PROPERTY-RESIDENTIAL PROPERTY FINANCE AND INVESTMENT
942 _n0
999 _c82763
_d82763